| 000 | 01791nam a2200229Ia 4500 | ||
|---|---|---|---|
| 003 | Ost | ||
| 005 | 20260507075802.0 | ||
| 008 | 260507s9999||||xx |||||||||||||| ||und|| | ||
| 040 | _cfsecg | ||
| 041 | _aara | ||
| 082 | _a658.4013 | ||
| 100 |
_aعدون، ناصر دادي _eمؤلف |
||
| 245 | 0 |
_aمراقبة التسيير والأداء في المؤسسة الاقتصادية : _bالمؤسسة العمومية بالجزائر / _c ناصر دادي عدون |
|
| 260 |
_aالجزائر: _bدار المحمدية العامة, |
||
| 300 |
_a223 صفحة؛ _bإيضاحات ؛ _c24 سم |
||
| 520 | _aيضم مفاهيم عامة حول تحسين الأداء في المؤسسة، مدخل لنظام مراقبة التسيير بالمؤسسة، أهداف مراقبة التسيير وعلاقته بنظام المعلومات، موقع نظام مراقبة التسيير ومراحل عمله، واقع أداء المؤسسة العمومية وتطورها في الجزائر، الأدوات الكمية الكلاسيكية محاسبة التكاليف، الموازنة التقديرية والتحليل المالي، الأدوات الكمية الحديثة ومحاسبة التكاليف على أساس الانشطة لوحات القيادة، القياس المقارن وإعادة الهندسة ولوحة القيادة المتوازنة، الأدوات الكيفية لمراقبة التسيير ودورها في الأداء ثقافة المؤسسة الميزانية الاجتماعية. | ||
| 653 | _aالرقابة الإدارية | ||
| 653 | _aالمؤسسات الإنتاجية | ||
| 653 | _aتقييم الأداء | ||
| 700 |
_aالواحد، عبد الله قويدر _eمؤلف ثانوي |
||
| 942 | _cكتاب | ||
| 999 |
_c46306 _d46306 |
||